The validity of Gibrat´s Law: Focus on gender composition of top management

Analýza vzťahu medzi veľkosťou firmy a jej rastom v kontexte genderového zloženia vedena podniku.

Uložené v:
Podrobná bibliografia
Hlavný autor: Hedija, Veronika
Médium: Kapitola
Jazyk:English
Predmet:
Tagy: Pridať tag
Žiadne tagy, Buďte prvý, kto otaguje tento záznam!

MARC

LEADER 00000naa a2200000 4500
001 0227966
005 20210924120131.2
041 0 |a eng 
044 |a SK 
245 1 0 |a The validity of Gibrat´s Law: Focus on gender composition of top management  |c Veronika Hedija 
520 |a Analýza vzťahu medzi veľkosťou firmy a jej rastom v kontexte genderového zloženia vedena podniku. 
610 2 0 |a vzťahy genderové 
610 2 0 |a rast podniku 
610 2 0 |a manažment 
100 1 |a Hedija, Veronika